| 000 | 01225nam a2200253 a 4500 | ||
|---|---|---|---|
| 999 |
_c389232 _d389232 |
||
| 003 | BLK | ||
| 005 | 20240605165817.0 | ||
| 008 | 200929b bu ||||| |||| 00| 0 bu d | ||
| 020 | _a9786197536133 | ||
| 040 | _aBLK | ||
| 041 |
_aBUL _cBUL |
||
| 080 |
_aИздания за деца и юноши. Книжки-картинки. Читанки. Вж и 372.4 _b087.5 _z087.5 |
||
| 100 |
_aБарсоти, Ренцо _eпърви автор _91299 |
||
| 139 |
_aБарсоти, Ренцо _bБ 26 |
||
| 245 |
_aНеповторимият Леонардо и неговите тайни послания _cРенцо Барсоти ; прев. от итал. ез. Елена Стоянова |
||
| 260 |
_9213788 _aПловдив _bКоала прес _c2015 _n978-619-7134- ; 978-954-9455- |
||
| 300 |
_a39 с. _bс цв. ил _c28 см |
||
| 380 | _aDN | ||
| 501 | _aБез сведение на ориг. загл. Загл. и на англ. ез.: Incredible Leonardo da Vinci and his secrets / Renzo Barsotti | ||
| 700 |
_9966 _aСтоянова, Елена Костадинова _eпрев. |
||
| 852 |
_aЦб ІІ 25699 _bЦб |
||
| 942 |
_cKNG _n0 _s1 _010 |
||
| 944 |
_aCR _c2020-10-06 _k30537 _lГрета Цуфелде |
||